| 000 | 00893nam a2200277 a 4500 | ||
|---|---|---|---|
| 001 | 63338 | ||
| 003 | BD-RjUL | ||
| 005 | 20211209081201.0 | ||
| 008 | 170129t19501949enk 000 0 eng d | ||
| 020 | _a0140481346 | ||
| 035 | _aBD-RjUL 63467 | ||
| 035 | _a(OCoLC)03143230 | ||
| 035 | _aGLIS00305792 | ||
| 040 |
_aNAM _cNAM _dm.c. _dIXA _dMYG _dBD-RjUL _beng |
||
| 041 | _aeng | ||
| 082 |
_223 _a812 _bMID 1950 |
||
| 090 |
_aPS3525.I285 _bD4 1976 |
||
| 099 | _aPS3525.I285.D4 1976 | ||
| 100 | 1 |
_aMiller, Arthur, _d1915-2005. _9188486 |
|
| 245 | 1 | 0 |
_aDeath of a salesman : _bcertain private conversations in two acts and a requiem / _cby Arthur Miller. |
| 260 |
_aHarmondsworth, Middlesex, England ; _aNew York, N.Y., U.S.A. : _bPenguin, _c1950, c1949. |
||
| 300 |
_a139 p. ; _c19 cm. |
||
| 650 |
_aSales personnel _xDrama. _9188487 |
||
| 942 |
_2ddc _cBK |
||
| 949 |
_aMYGH _b39080004393440 |
||
| 999 |
_c63338 _d63338 |
||